[Event "Sunway Formentera op 3rd"]
[Site "Sant Ferran de ses Roques"]
[Date "2024.04.13"]
[Round "5"]
[White "Lesniewski, Lucas"]
[Black "Botez, Andrea"]
[Result "1-0"]
[WhiteElo "1975"]
[BlackElo "1879"]
[PlyCount "157"]
[EventDate "2024.04.09"]
[EventType "swiss"]
[EventRounds "10"]
[EventCountry "ESP"]
[SourceTitle "CB17_2024"]
[SourceDate "2024.04.24"]
[SourceVersion "1"]
[SourceVersionDate "2024.04.24"]
[SourceQuality "1"]

1. d4 Nf6 2. Nf3 g6 3. Bg5 Bg7 4. Nbd2 d5 5. e3 0-0 6. Be2 h6 7. Bh4 Bf5 8. h3 g5 9. Bg3 Nbd7 10. c3 c5 11. 0-0 cxd4 12. cxd4 Rc8 13. Rc1 Re8 14. Qb3 Qb6 15. Qxb6 Nxb6 16. Bc7 Nc4 17. b3 Rxc7 18. bxc4 Rec8 19. c5 Nd7 20. Nb3 e5 21. Bb5 exd4 22. Nfxd4 Bg6 23. c6 bxc6 24. Ba6 Re8 25. Nxc6 Ne5 26. Nxe5 Bxe5 27. Rxc7 Bxc7 28. Rc1 Bb6 29. Rd1 Be4 30. Rd2 Re7 31. Bd3 Kg7 32. Bxe4 dxe4 33. g4 h5 34. Rd5 f6 35. a4 hxg4 36. hxg4 Kg6 37. a5 Bc7 38. Nd4 Be5 39. Nc6 Re6 40. Nxa7 Ra6 41. Nc8 Bc7 42. Rd7 Bxa5 43. Nd6 Bb4 44. Nxe4 f5 45. gxf5+ Kxf5 46. Ng3+ Kg6 47. Kg2 Rf6 48. Rd5 Be7 49. Rb5 Bd8 50. Ne4 Rf5 51. Rb8 Rd5 52. Rc8 Be7 53. Rc6+ Kf5 54. Ng3+ Ke5 55. Rg6 Rd6 56. Rg7 Bf6 57. Rb7 Bd8 58. Kf3 Rd2 59. Rb5+ Ke6 60. Ne4 Rd5 61. Rb8 Kf5 62. Ng3+ Kg6 63. Rc8 Be7 64. Kg4 Rc5 65. Ra8 Rc4+ 66. e4 Rc6 67. Nf5 Bc5 68. Rg8+ Kf7 69. Rg7+ Kf6 70. f3 Be3 71. e5+ Kxe5 72. Re7+ Kf6 73. Rxe3 Rc4+ 74. Re4 Rc1 75. Ng3 Rc3 76. Ra4 Ke5 77. Ra5+ Ke6 78. Rxg5 Rc1 79. Ra5 1-0

[Event "NOR-chB"]
[Site "Oslo"]
[Date "2023.07.04"]
[Round "5"]
[White "Lesniewski, Lucas"]
[Black "Opseth, Oliver"]
[Result "1-0"]
[WhiteElo "1884"]
[BlackElo "1945"]
[PlyCount "65"]
[EventDate "2023.06.30"]
[EventType "swiss"]
[EventRounds "9"]
[EventCountry "NOR"]
[SourceTitle "EXT 2024"]
[Source "ChessBase"]
[SourceDate "2023.10.10"]
[SourceVersion "1"]
[SourceVersionDate "2023.10.10"]
[SourceQuality "1"]

1. d4 d5 2. Nf3 Nf6 3. c4 e6 4. Nc3 Bb4 5. Qa4+ Nc6 6. e3 Bd7 7. Qc2 0-0 8. a3 Bxc3+ 9. bxc3 Re8 10. Bd3 dxc4 11. Bxc4 e5 12. Ng5 Re7 13. a4 Be6 14. Nxe6 fxe6 15. Ba3 Re8 16. 0-0 e4 17. f3 exf3 18. Rxf3 Kh8 19. Raf1 e5 20. Bf7 exd4 21. Bxe8 d3 22. Qf2 Qxe8 23. Rxf6 gxf6 24. Qxf6+ Kg8 25. Rf3 Ne5 26. Qg5+ Ng6 27. Rf8+ Qxf8 28. Bxf8 Rxf8 29. Qd5+ Kg7 30. Qxd3 Kf6 31. Qd4+ Kf5 32. e4+ Ke6 33. Qd5+ 1-0